000 00786nam a2200265 i 4500
001 bg
100 1 _aGrabowska, Beata
_c(botanika).
245 1 0 _aByliny okrywowe i runa leśnego /
_cBeata Grabowska, Tomasz Kubala.
260 _aKraków ;
_bOfficina Botanica,
_c2006.
300 _a110 s. :
_bil. kolor. ;
_c30 cm.
650 9 _aByliny (bot.)
650 9 _aRośliny ozdobne
650 9 _aRośliny leśne
655 _aAtlasy
700 1 _aKubala, Tomasz
_d(1968- ).
020 _a839221157X
040 _cBPK
041 _apol
044 _aPOL
080 _a635.9:712.26+712.28](084.4)
920 _a83-922115-7-X
942 _cKS
008 s pl f |000 0 pol
999 _c55686
_d55686
856 _uhttp://koha.tu.koszalin.pl/cgi-bin/koha/opac-detail.pl?biblionumber=55686
_yKatalog online BPK